| 000 | 00867nam a22002897a 4500 | ||
|---|---|---|---|
| 001 | 98042 | ||
| 003 | DO-SdBNP | ||
| 005 | 20241011124149.0 | ||
| 007 | 98042 | ||
| 008 | 871214s1986 sp a 000 spa | ||
| 020 | _a8476347812 | ||
| 040 |
_aBPMSU _bspa _cBPMSU |
||
| 082 | 4 |
_a843.8 _bV531J 1986 _222 |
|
| 100 | 1 |
_aVerne, Julio, _d1828-1905 |
|
| 245 | 1 | 0 |
_aJulio Verne : _bViaje alrededor de la luna / _cJulio Verne ; traducción, D. J. Sala |
| 260 |
_aBarcelona: _bEditorial Orbis, _c1986 |
||
| 300 |
_a220 p.; _bil.: _c20 cm. |
||
| 490 | 0 |
_aJulio Verne, _v7 |
|
| 500 | _a | ||
| 534 |
_pTÃtulo original : _tAutour de la lune |
||
| 590 | _aInventariado, 2024/VM | ||
| 650 | 4 | _aNovela juvenil francesa | |
| 650 | 4 | _aLiteratura juvenil francesa | |
| 700 | 1 |
_aSala, D. J., _etraductor |
|
| 910 | _aVMateo V. / Validado. Control de calidad MFF | ||
| 942 |
_2ddc _cBK |
||
| 999 |
_c8855 _d8855 |
||